Automatizované systémy riadenia v poľnohospodárstve materiály k cvičeniam

Na minha lista:
Detalhes bibliográficos
Autor principal: Szabo, Ľuboslav
Autor Corporativo: Vysoká škola ekonomická v Bratislave. Fakulta ekonomiky a riadenia výrobných odvetví
Formato: Livro
Idioma:eslovaco
Publicado em: Bratislava VŠE 1983
Tags: Adicionar Tag
Sem tags, seja o primeiro a adicionar uma tag!

MARC

LEADER 00000nam a2200000 4500
001 c132530
005 20230116092120.5
041 0 |a slo 
044 |a SK 
245 1 0 |a Automatizované systémy riadenia v poľnohospodárstve  |b materiály k cvičeniam  |c Ľuboslav Szabo 
264 1 |a Bratislava  |b VŠE  |c 1983 
300 |a 157 s. 
100 1 |a Szabo, Ľuboslav 
710 2 |a Vysoká škola ekonomická v Bratislave. Fakulta ekonomiky a riadenia výrobných odvetví